[Event "XII. Karnevalsopen"]
[Site "Solingen"]
[Date "2023.02.19"]
[Round "4.32"]
[White "Neumair, Dorian"]
[Black "Goerzen, Lina"]
[Result "1-0"]
[WhiteElo "1328"]
[BlackElo "1342"]
[PlyCount "75"]
[EventDate "2023.??.??"]
[EventType "swiss"]
[EventRounds "5"]
[EventCountry "GER"]

{[%evp 0,14,31,21,74,59,59,44,47,47,54,52,52,39,48,-4,24]} 1. e4 c6 2. d4 d5 3. Nc3 dxe4 4. Nxe4 Nd7 5. Nf3 Ngf6 6. Ng3 e6 7. Bf4 c5 8. c3 cxd4 9. Qxd4 Bc5 10. Qd2 O-O 11. Bd3 b6 12. O-O Bb7 13. b4 Be7 14. Rad1 Nd5 15. Rfe1 N7f6 16. Bh6 Ng4 17. Bf4 Qc8 18. Rc1 Rd8 19. Bg5 Ngf6 20. a3 Rd7 21. c4 Nc7 22. Qc2 h6 23. Bf4 Nce8 24. c5 bxc5 25. bxc5 Bxf3 26. gxf3 Qc6 27. Ne4 Rc8 28. Be3 Qd5 29. Bb5 Rdc7 30. Red1 Qh5 31. Kg2 Nxe4 32. Qxe4 Bxc5 33. Bf4 Bxa3 34. Rxc7 Nxc7 35. Qb7 Qg6+ 36. Bg3 Qc2 37. Qxc8+ Kh7 38. Bd3+ 1-0

[Event "XII. Karnevalsopen"]
[Site "Solingen"]
[Date "2023.02.19"]
[Round "4.33"]
[White "Reinacher, Detlev"]
[Black "Balla, Aanand"]
[Result "1-0"]
[WhiteElo "1671"]
[BlackElo "1421"]
[PlyCount "55"]
[EventDate "2023.??.??"]
[EventType "swiss"]
[EventRounds "5"]
[EventCountry "GER"]

{[%evp 0,18,30,34,50,-7,-7,-15,13,6,3,-31,-39,-47,-47,-30,-30,-30,-27,-39,-25]} 1. e4 e6 2. d3 d5 3. Nd2 dxe4 4. dxe4 Nc6 5. g3 Nf6 6. Bg2 e5 7. Ngf3 Bc5 8. O-O O-O 9. a3 Re8 10. b4 Bb6 11. c4 Bd4 12. Rb1 Bg4 13. Qc2 Qd7 14. Nb3 Bxf3 15. Bxf3 a5 16. b5 a4 17. bxc6 bxc6 18. Nxd4 Qxd4 19. Be3 Qd6 20. c5 Qe6 21. Rfd1 h6 22. Rb4 g5 23. Rxa4 Rab8 24. Rb4 Ra8 25. a4 Kh7 26. Rb7 Rg8 27. Rxc7 h5 28. Rd6 1-0

[Event "XII. Karnevalsopen"]
[Site "Solingen"]
[Date "2023.02.19"]
[Round "4.34"]
[White "Ricken, Harald"]
[Black "Mekus, Manuela"]
[Result "0-1"]
[WhiteElo "1349"]
[BlackElo "1624"]
[PlyCount "116"]
[EventDate "2023.??.??"]
[EventType "swiss"]
[EventRounds "5"]
[EventCountry "GER"]

1. Nf3 Nf6 2. c4 g6 3. Nc3 Bg7 4. d4 d6 5. e4 O-O 6. Be2 Nbd7 7. O-O e5 8. Be3 c6 9. Qd2 Re8 10. h3 exd4 11. Bxd4 Nxe4 12. Nxe4 Rxe4 13. Bxg7 Kxg7 14. Rfe1 Nf6 15. c5 d5 16. Bd3 Rxe1+ 17. Rxe1 h6 18. Bc2 Be6 19. Ne5 Qc8 20. Re3 Bf5 21. Rf3 Bxc2 22. Qxc2 Qe6 23. Qc3 Rd8 24. Qd4 Kh7 25. Nxf7 Qxf7 26. Rxf6 Qg7 27. Qf4 Rd7 28. h4 d4 29. Rd6 d3 30. Qd2 Rxd6 31. cxd6 Qd4 32. h5 Qxd6 33. g4 c5 34. b3 b5 35. f4 c4 36. bxc4 bxc4 37. hxg6+ Qxg6 38. g5 Qb6+ 39. Kg2 Qd4 40. gxh6 c3 41. Qe1 Qd5+ 42. Kg3 Kxh6 43. Qxc3 Qe4 44. Qh8+ Kg6 45. Qg8+ Kf6 46. Qf8+ Ke6 47. Qe8+ Kd5 48. Qxe4+ Kxe4 49. Kf2 Kxf4 50. Ke1 Ke4 51. Kd2 Kd4 52. a3 a5 53. a4 Kc4 54. Kc1 Kb3 55. Kd2 Kxa4 56. Kxd3 Kb3 57. Kd2 Kb2 58. Kd3 a4 0-1

[Event "XII. Karnevalsopen"]
[Site "Solingen"]
[Date "2023.02.19"]
[Round "4.35"]
[White "Zimmermann, Finn"]
[Black "Fodor, Bernhard"]
[Result "1-0"]
[WhiteElo "1354"]
[BlackElo "1307"]
[PlyCount "49"]
[EventDate "2023.??.??"]
[EventType "swiss"]
[EventRounds "5"]
[EventCountry "GER"]

1. d4 d5 2. c4 dxc4 3. e3 Nf6 4. Bxc4 e6 5. Nf3 Bd6 6. O-O O-O 7. Nc3 c6 8. Qc2 Ng4 9. h3 Nh6 10. Bd3 f5 11. e4 Na6 12. Bxh6 gxh6 13. a3 Rf7 14. exf5 exf5 15. Bc4 Nc7 16. Bxf7+ Kxf7 17. Qd2 Qf6 18. d5 c5 19. Qd3 Bd7 20. a4 Rg8 21. Nb5 Nxb5 22. axb5 Bb8 23. d6 Bxd6 24. Qd5+ Kg7 25. Qxb7 1-0

[Event "XII. Karnevalsopen"]
[Site "Solingen"]
[Date "2023.02.19"]
[Round "5.1"]
[White "Jugelt, Tobias"]
[Black "Mueller, Adrian"]
[Result "1/2-1/2"]
[WhiteElo "2381"]
[BlackElo "1980"]
[PlyCount "35"]
[EventDate "2023.??.??"]
[EventType "swiss"]
[EventRounds "5"]
[EventCountry "GER"]

1. Nf3 Nf6 2. g3 d5 3. Bg2 Bf5 4. O-O e6 5. c4 c6 6. d3 h6 7. b3 Nbd7 8. Bb2 Bh7 9. Nbd2 a5 10. a3 Be7 11. Ra2 O-O 12. Qa1 Qb6 13. Ne5 Rfd8 14. Nxd7 Rxd7 15. Be5 Ne8 16. cxd5 exd5 17. Rc1 Bf6 18. Bxf6 1/2-1/2

[Event "XII. Karnevalsopen"]
[Site "Solingen"]
[Date "2023.02.19"]
[Round "5.2"]
[White "Volkov, Mykyta"]
[Black "Michalczak, Thomas"]
[Result "1/2-1/2"]
[WhiteElo "2251"]
[BlackElo "2254"]
[PlyCount "31"]
[EventDate "2023.??.??"]
[EventType "swiss"]
[EventRounds "5"]
[EventCountry "GER"]

{[%evp 0,31,19,19,19,-8,-8,-17,-5,-14,-7,-27,23,23,36,8,13,17,20,38,57,25,36,15,10,7,29,23,39,32,17,17,17,39]} 1. d4 d5 2. c4 e6 3. Nc3 Nf6 4. cxd5 exd5 5. Bg5 Be7 6. e3 h6 7. Bh4 Bg4 8. f3 Be6 9. Bd3 c5 10. Nge2 Nc6 11. Bf2 O-O 12. O-O Qd7 13. dxc5 Bxc5 14. Rc1 d4 15. exd4 Nxd4 16. Nxd4 1/2-1/2

[Event "XII. Karnevalsopen"]
[Site "Solingen"]
[Date "2023.02.19"]
[Round "5.3"]
[White "Scharfenberg, Michael"]
[Black "Kuhn, Andreas"]
[Result "1-0"]
[WhiteElo "2169"]
[BlackElo "1838"]
[PlyCount "71"]
[EventDate "2023.??.??"]
[EventType "swiss"]
[EventRounds "5"]
[EventCountry "GER"]

1. d4 e6 2. Nc3 d5 3. Bf4 Bd6 4. e3 Nf6 5. Nf3 O-O 6. Bd3 c6 7. Ne5 Qc7 8. Qf3 Nfd7 9. Qg3 Nxe5 10. dxe5 Bb4 11. Qh4 g6 12. O-O Be7 13. Qg3 Nd7 14. h4 Qd8 15. Bg5 f6 16. Bh6 Nxe5 17. Bxf8 Qxf8 18. h5 g5 19. f4 Nf7 20. Rae1 Qh6 21. fxg5 Nxg5 22. Be2 e5 23. Nd1 Be6 24. Nf2 Kh8 25. Ng4 Ne4 26. Qh4 Bxg4 27. Bxg4 Rg8 28. Bf5 Ng3 29. Rf3 Nxh5 30. Rh3 Rg5 31. g4 Qg7 32. Kf2 Bc5 33. c3 Nf4 34. Qxh7+ Qxh7 35. Rxh7+ Kg8 36. Reh1 1-0

[Event "XII. Karnevalsopen"]
[Site "Solingen"]
[Date "2023.02.19"]
[Round "5.4"]
[White "Atali, Dogukan"]
[Black "Neumair, Jerome"]
[Result "1/2-1/2"]
[WhiteElo "1829"]
[BlackElo "2076"]
[PlyCount "111"]
[EventDate "2023.??.??"]
[EventType "swiss"]
[EventRounds "5"]
[EventCountry "GER"]

1. e4 e6 2. d4 d5 3. Nc3 Nf6 4. e5 Nfd7 5. f4 c5 6. Nf3 Nc6 7. Be3 a6 8. Be2 b5 9. O-O Qb6 10. Qd2 cxd4 11. Nxd4 Bc5 12. Rad1 Bb7 13. Bf2 Nxd4 14. Bxd4 Bxd4+ 15. Qxd4 Rc8 16. Qxb6 Nxb6 17. Rd2 Ke7 18. Bd3 g6 19. h3 h5 20. g3 Rhd8 21. Rh2 Nc4 22. Nd1 d4 23. Rff2 Rc7 24. Kf1 Rcc8 25. Ke1 Rg8 26. h4 Rgd8 27. b3 Na3 28. Kd2 Nb1+ 29. Kc1 Nc3 30. Nxc3 dxc3 31. a3 Rd4 32. Re2 Rcd8 33. Re3 a5 34. Rhe2 b4 35. axb4 axb4 36. Re1 Bc6 37. Kd1 Bb5 38. Ke2 Bxd3+ 39. Rxd3 Rxd3 40. cxd3 Ra8 41. Ke3 Ra2 42. Kd4 Rg2 43. Kc4 Rxg3 44. d4 Rh3 45. Kxb4 Rxh4 46. Kc5 Rxf4 47. b4 Kd7 48. Ra1 c2 49. Rc1 Rf2 50. Kb6 g5 51. b5 Rd2 52. Kb7 Rxd4 53. Rxc2 Rd5 54. Rc7+ Kd8 55. Rc8+ Kd7 56. Rc7+ 1/2-1/2

[Event "XII. Karnevalsopen"]
[Site "Solingen"]
[Date "2023.02.19"]
[Round "5.5"]
[White "Pfaar, Zeno"]
[Black "Schwibbert, Jonas"]
[Result "1/2-1/2"]
[WhiteElo "1814"]
[BlackElo "2041"]
[PlyCount "62"]
[EventDate "2023.??.??"]
[EventType "swiss"]
[EventRounds "5"]
[EventCountry "GER"]

1. e4 d6 2. d4 Nf6 3. Nc3 g6 4. Be3 Bg7 5. f3 c6 6. Qd2 b5 7. Bh6 Bxh6 8. Qxh6 Qa5 9. Qd2 Nbd7 10. d5 cxd5 11. Nxb5 Qb6 12. exd5 Ba6 13. Nc7+ Qxc7 14. Bxa6 Qb6 15. Bc4 Qxb2 16. Rd1 O-O 17. Ne2 Qb6 18. Nd4 Qc5 19. Bb3 Nxd5 20. Nc6 N5f6 21. Nxe7+ Kg7 22. Kf1 Rfe8 23. Nd5 Re5 24. Nxf6 Nxf6 25. Qxd6 Qe3 26. Qd2 Rae8 27. Qxe3 Rxe3 28. Bc4 Rc3 29. Bb3 Rce3 30. Bc4 Rc3 31. Bb3 Rce3 1/2-1/2

[Event "XII. Karnevalsopen"]
[Site "Solingen"]
[Date "2023.02.19"]
[Round "5.6"]
[White "Schuricht, Emil Frederick"]
[Black "Piekorz, Roland"]
[Result "1-0"]
[WhiteElo "1730"]
[BlackElo "1988"]
[PlyCount "79"]
[EventDate "2023.??.??"]
[EventType "swiss"]
[EventRounds "5"]
[EventCountry "GER"]

{[%evp 0,79,20,19,19,-24,0,-6,-7,-25,-23,-51,23,14,8,9,40,33,44,49,48,48,49,53,60,-5,-4,-39,-7,-7,9,2,20,-4,8,-9,-13,-11,-13,-34,-18,-18,21,-2,-22,-27,6,3,-10,0,1,-34,0,4,0,13,-31,-40,-60,-36,-11,-3,203,98,98,140,337,261,337,310,369,369,384,376,376,214,231,227,234,240,264,234]} 1. d4 d5 2. c4 e6 3. Nc3 Nf6 4. cxd5 exd5 5. Bg5 Be7 6. e3 O-O 7. Bd3 Nbd7 8. Qc2 b6 9. Nge2 Bb7 10. O-O c5 11. Rad1 h6 12. Bxf6 Nxf6 13. Ng3 cxd4 14. exd4 Rc8 15. Rfe1 Bb4 16. Nf5 Re8 17. Qb3 Rxe1+ 18. Rxe1 Bf8 19. Be2 Qd7 20. Ne3 Rd8 21. Bf3 g6 {(=)} 22. h3 Kg7 23. Rc1 Bc6 24. a3 Be7 25. Kh1 Bf8 26. Ne2 Bb7 27. Nf4 Ne4 28. Bxe4 dxe4 29. d5 Bd6 30. Qc3+ Kf8 31. Qf6 Bxf4 32. Qxf4 Bxd5 33. Rd1 Qe6 34. Qxh6+ Kg8 35. Qg5 f6 36. Qxg6+ Kf8 37. Rxd5 Rxd5 38. Nxd5 Qxd5 39. Qxf6+ Kg8 40. h4 1-0

[Event "XII. Karnevalsopen"]
[Site "Solingen"]
[Date "2023.02.19"]
[Round "5.7"]
[White "Langner, Jasper"]
[Black "Renz, Yannick"]
[Result "1-0"]
[WhiteElo "1980"]
[BlackElo "1695"]
[PlyCount "99"]
[EventDate "2023.??.??"]
[EventType "swiss"]
[EventRounds "5"]
[EventCountry "GER"]

1. d4 f5 2. c4 Nf6 3. Nf3 d6 4. Nc3 g6 5. g3 Bg7 6. Bg2 O-O 7. O-O c6 8. b3 e5 9. dxe5 dxe5 10. Ba3 Qxd1 11. Raxd1 Re8 12. e4 a5 13. Bd6 Nxe4 14. Nxe4 fxe4 15. Ng5 e3 16. fxe3 Bh6 17. Ne4 Bxe3+ 18. Kh1 Kg7 19. Nf6 Re6 20. Ne4 Re8 21. Ba3 Bf5 22. Nd6 Rf8 23. Nxb7 Rf7 24. Nd6 Rf8 25. Nxf5+ Rxf5 26. Bb2 Rxf1+ 27. Bxf1 Na6 28. Bxe5+ Kf7 29. Bh3 Re8 30. Rd7+ Re7 31. Rxe7+ Kxe7 32. Bg2 c5 33. Be4 Ke6 34. Bc3 a4 35. bxa4 Bc1 36. Kg2 Bg5 37. Bb7 Nb8 38. Kf3 Bd8 39. Ke4 Bc7 40. a5 Nd7 41. Bc8 Bb8 42. Bxd7+ Kxd7 43. Kd5 Ba7 44. Be1 Kc7 45. Bf2 Kb7 46. Bxc5 Bb8 47. Bb6 h5 48. c5 h4 49. c6+ Kc8 50. c7 1-0

[Event "XII. Karnevalsopen"]
[Site "Solingen"]
[Date "2023.02.19"]
[Round "5.8"]
[White "Arnz, Tom Niklas"]
[Black "Kuehn, Viktoria"]
[Result "1/2-1/2"]
[WhiteElo "1633"]
[BlackElo "1862"]
[PlyCount "27"]
[EventDate "2023.??.??"]
[EventType "swiss"]
[EventRounds "5"]
[EventCountry "GER"]

1. e4 c6 2. d4 d5 3. Nc3 dxe4 4. Nxe4 Nf6 5. Nxf6+ exf6 6. c3 Bd6 7. Bd3 Na6 8. Ne2 Nc7 9. O-O Ne6 10. Ng3 Qc7 11. Kh1 Bd7 12. b4 a5 13. bxa5 Rxa5 14. Qf3 1/2-1/2

[Event "XII. Karnevalsopen"]
[Site "Solingen"]
[Date "2023.02.19"]
[Round "5.9"]
[White "Speck, Stefan"]
[Black "Marcziter, Dmitrii"]
[Result "0-1"]
[WhiteElo "1837"]
[BlackElo "2235"]
[PlyCount "110"]
[EventDate "2023.??.??"]
[EventType "swiss"]
[EventRounds "5"]
[EventCountry "GER"]

1. e4 c5 2. Nf3 a6 3. c4 e6 4. Nc3 Qc7 5. d4 cxd4 6. Nxd4 Nf6 7. Be2 b6 8. O-O Bb7 9. Qd3 Bb4 10. f3 Nc6 11. Nxc6 Bxc6 12. Be3 O-O 13. Rfd1 Rad8 14. Rac1 Qb8 15. a3 Be7 16. Rc2 h6 17. Qd2 d6 18. Qe1 b5 19. cxb5 axb5 20. Na2 Bb7 21. Nb4 d5 22. exd5 Nxd5 23. Nxd5 Bxd5 24. Rdc1 b4 25. axb4 Bxb4 26. Qf2 Bd6 27. g3 Qb7 28. Bc5 Bxc5 29. Qxc5 Bxf3 30. Bxf3 Qxf3 31. b4 Rd5 32. Qc3 Rd3 33. Qc5 Rfd8 34. Rf1 Qd5 35. Qe7 Qd4+ 36. Rff2 Rd1+ 37. Kg2 Qe4+ 38. Kh3 R1d7 39. Qh4 Qe5 40. Rc4 Rb8 41. Rg4 Kh7 42. Re4 Qd5 43. Qf4 Rb5 44. Rfe2 Qh5+ 45. Kg2 Rf5 46. Qe3 Qg6 47. Rd4 Rfd5 48. Red2 Rxd4 49. Rxd4 Qc2+ 50. Kh3 Rc7 51. Rf4 Qg6 52. Qf3 Rd7 53. Kg2 Rd2+ 54. Kh3 Qc2 55. Kg4 Rxh2 0-1

[Event "XII. Karnevalsopen"]
[Site "Solingen"]
[Date "2023.02.19"]
[Round "5.10"]
[White "Schmidt, Sebastian"]
[Black "Borchert, Stephan"]
[Result "0-1"]
[WhiteElo "1761"]
[BlackElo "2090"]
[PlyCount "72"]
[EventDate "2023.??.??"]
[EventType "swiss"]
[EventRounds "5"]
[EventCountry "GER"]

1. e4 c5 2. Nf3 d6 3. Bb5+ Bd7 4. Bxd7+ Qxd7 5. O-O Nc6 6. c3 Nf6 7. Re1 e6 8. d4 d5 9. e5 Ne4 10. Nbd2 Nxd2 11. Bxd2 Be7 12. Bg5 Bf8 13. dxc5 Bxc5 14. Be3 Be7 15. Qe2 O-O 16. Rad1 Qc7 17. c4 Bb4 18. Bd2 Bxd2 19. Rxd2 dxc4 20. Qxc4 Rfd8 21. Red1 Qa5 22. Rxd8+ Rxd8 23. Rxd8+ Qxd8 24. g3 h6 25. Qb3 Qd5 26. Qa3 a6 27. Qb3 b5 28. Kf1 Qe4 29. Qc3 a5 30. Nd2 Qd5 31. Nf3 b4 32. Qb3 Qe4 33. Qd1 Nxe5 34. Qd8+ Kh7 35. Nxe5 Qxe5 36. b3 Qa1+ 0-1

[Event "XII. Karnevalsopen"]
[Site "Solingen"]
[Date "2023.02.19"]
[Round "5.11"]
[White "Flesch, Stefan"]
[Black "Anschuetz, Wolfgang"]
[Result "1-0"]
[WhiteElo "2049"]
[BlackElo "1728"]
[PlyCount "67"]
[EventDate "2023.??.??"]
[EventType "swiss"]
[EventRounds "5"]
[EventCountry "GER"]

1. d4 Nf6 2. c4 g6 3. Nc3 d5 4. e3 Bg7 5. Qb3 e6 6. Qa3 Qe7 7. Qxe7+ Kxe7 8. b3 Rd8 9. Ba3+ Ke8 10. Rc1 Bf8 11. Bxf8 Kxf8 12. cxd5 c5 13. dxc6 Nxc6 14. Nf3 b6 15. Be2 Bb7 16. O-O Rac8 17. Rfd1 h6 18. h3 g5 19. a3 g4 20. hxg4 Nxg4 21. Nd2 Nf6 22. Bf3 Ke7 23. b4 h5 24. Nce4 Nxe4 25. Bxe4 Ba8 26. Bf3 h4 27. b5 Na5 28. Bxa8 Rxa8 29. Rc7+ Rd7 30. Rdc1 Nb7 31. Nf3 Nd6 32. Ne5 Rxc7 33. Rxc7+ Kf8 34. a4 1-0

[Event "XII. Karnevalsopen"]
[Site "Solingen"]
[Date "2023.02.19"]
[Round "5.13"]
[White "Steinbach, Wolfgang"]
[Black "Abdo, Alan"]
[Result "0-1"]
[WhiteElo "1886"]
[BlackElo "1707"]
[PlyCount "106"]
[EventDate "2023.??.??"]
[EventType "swiss"]
[EventRounds "5"]
[EventCountry "GER"]

1. Nf3 Nf6 2. d4 d5 3. e3 Bf5 4. Bd3 Bxd3 5. Qxd3 c6 6. O-O e6 7. c4 Bd6 8. Nc3 O-O 9. e4 dxe4 10. Nxe4 Nxe4 11. Qxe4 h6 12. Be3 Nd7 13. Rfd1 Nf6 14. Qc2 Qa5 15. h3 Rad8 16. a3 Rd7 17. b4 Qh5 18. Rab1 g5 19. Ne5 Rdd8 20. f3 Bxe5 21. dxe5 Nd7 22. Bd4 Qh4 23. Qe2 a6 24. Rb3 Nb8 25. Rbd3 Rd7 26. Kf1 Rfd8 27. Bb6 Rxd3 28. Rxd3 Rd7 29. Ba7 Qxc4 30. Rd6 Qxe2+ 31. Kxe2 Rxd6 32. exd6 Nd7 33. Bd4 e5 34. Bf2 h5 35. a4 b6 36. Kd3 Kg7 37. Be3 Kg6 38. g3 f6 39. f4 exf4 40. gxf4 g4 41. hxg4 hxg4 42. a5 b5 43. Bb6 f5 44. Ke2 Kf6 45. Ke3 Ke6 46. Bc7 Nf6 47. Kd3 Nd7 48. Ke3 Kd5 49. Kd3 g3 50. Ke3 Kc4 51. Kf3 g2 52. Kxg2 Kxb4 53. Kg3 Kc4 0-1

[Event "XII. Karnevalsopen"]
[Site "Solingen"]
[Date "2023.02.19"]
[Round "5.14"]
[White "Eckert, Marius"]
[Black "Maenken, Merlin"]
[Result "1/2-1/2"]
[WhiteElo "2081"]
[BlackElo "1768"]
[PlyCount "87"]
[EventDate "2023.??.??"]
[EventType "swiss"]
[EventRounds "5"]
[EventCountry "GER"]

1. d4 Nf6 2. Bf4 d5 3. e3 c5 4. c3 Nc6 5. Nd2 Bf5 6. Qb3 Qd7 7. Ngf3 c4 8. Qd1 e6 9. a4 h6 10. b3 cxb3 11. Qxb3 Ne4 12. Nxe4 Bxe4 13. Ne5 Nxe5 14. Bxe5 a6 15. f3 Bg6 16. c4 f6 17. Bg3 Bd6 18. Bxd6 Qxd6 19. Qxb7 O-O 20. c5 Qd8 21. Qb4 e5 22. Be2 Rb8 23. Qc3 exd4 24. exd4 Re8 25. Kf2 Qe7 26. Rhe1 f5 27. Bxa6 Qh4+ 28. Kg1 Rxe1+ 29. Rxe1 f4 30. c6 Rb2 31. Qxb2 Qxe1+ 32. Bf1 Bd3 {(=)} 33. Qf2 Qc1 34. g3 fxg3 35. hxg3 Bxf1 36. Qxf1 Qxc6 37. Qa1 Qg6 38. g4 h5 39. Qa2 Qd6 40. Kg2 hxg4 41. fxg4 Qe6 42. Kh2 Qh6+ 43. Kg2 Qe6 44. Kh2 1/2-1/2

[Event "XII. Karnevalsopen"]
[Site "Solingen"]
[Date "2023.02.19"]
[Round "5.15"]
[White "Boschek, Hans-Joachim"]
[Black "Marcziter, Alex"]
[Result "1-0"]
[WhiteElo "1920"]
[BlackElo "1583"]
[PlyCount "55"]
[EventDate "2023.??.??"]
[EventType "swiss"]
[EventRounds "5"]
[EventCountry "GER"]

1. c4 e6 2. Nc3 f5 3. d3 c6 4. e4 d5 5. cxd5 cxd5 6. exd5 exd5 7. Nf3 Nf6 8. Be2 Bd6 9. O-O O-O 10. Bg5 Nc6 11. Qb3 Ne7 12. Rfe1 b6 13. Bxf6 Rxf6 14. Nd4 Bc5 15. Nf3 Bb7 16. d4 Bd6 17. Ne5 Bc7 18. Bf3 Rc8 19. Re2 a6 20. Rae1 Qd6 21. g3 Rff8 22. Nd3 Rfe8 23. Bxd5+ Bxd5 24. Nxd5 Nxd5 25. Rxe8+ Rxe8 26. Rxe8+ Kf7 27. Re1 Kf8 28. Ne5 1-0

[Event "XII. Karnevalsopen"]
[Site "Solingen"]
[Date "2023.02.19"]
[Round "5.16"]
[White "Bauer, Matthias"]
[Black "Goldenstein, Arnd"]
[Result "1-0"]
[WhiteElo "1623"]
[BlackElo "1905"]
[PlyCount "65"]
[EventDate "2023.??.??"]
[EventType "swiss"]
[EventRounds "5"]
[EventCountry "GER"]

1. d4 d5 2. f4 e6 3. Nf3 c5 4. e3 Nc6 5. c3 Nf6 6. Bd3 Qc7 7. O-O Bd6 8. Ne5 a6 9. Nd2 Ne7 10. Ndf3 h6 11. Qa4+ Nd7 12. Bb5 axb5 13. Qxa8 Nb8 14. dxc5 Bxc5 15. b4 Bd6 16. Qa5 b6 17. Qxb5+ Kf8 18. Qd3 f6 19. Ng6+ Nxg6 20. Qxg6 Ba6 21. Nd4 Qe7 22. Rf3 Bc8 23. Nb5 Nc6 24. Nxd6 Qxd6 25. a4 f5 26. Rg3 Rg8 27. Ba3 b5 28. axb5 Na7 29. Bb2 Nxb5 30. c4 dxc4 31. Bxg7+ Rxg7 32. Qxg7+ Ke8 33. Qh8+ 1-0

[Event "XII. Karnevalsopen"]
[Site "Solingen"]
[Date "2023.02.19"]
[Round "5.17"]
[White "Tonev, Vasil"]
[Black "Naupold, Volker"]
[Result "1-0"]
[WhiteElo "1560"]
[BlackElo "1869"]
[PlyCount "95"]
[EventDate "2023.??.??"]
[EventType "swiss"]
[EventRounds "5"]
[EventCountry "GER"]

1. f4 c5 2. Nf3 Nc6 3. b3 Nf6 4. Bb2 d5 5. e3 a6 6. Be2 Bf5 7. d3 e6 8. O-O Be7 9. Ne5 h5 10. Nxc6 bxc6 11. Bf3 Bg4 12. Nd2 Qb6 13. c4 Rh6 14. h3 Bxf3 15. Nxf3 h4 16. Re1 Nh5 17. Ne5 f6 18. Ng4 Rh7 19. Qc2 Ng3 20. Rad1 Kf7 21. Ba1 Rh5 22. d4 Ne4 23. Nf2 f5 24. Nd3 Bf6 25. cxd5 cxd5 26. dxc5 Qa7 27. Bxf6 gxf6 28. b4 Rc8 29. Rc1 Rc6 30. a4 Qb7 31. Qb2 Rh8 32. b5 axb5 33. axb5 Rc7 34. Rc2 Rb8 35. Rb1 Qc8 36. Qd4 Rc6 37. Rbb2 Rc7 38. Qb4 Nd6 39. b6 Nc4 40. Rxc4 dxc4 41. Qxc4 Rc6 42. Qb5 Rb7 43. Rb4 Ke7 44. Kf2 e5 45. fxe5 fxe5 46. Rxh4 Rbxb6 47. cxb6 Rc2+ 48. Kg1 1-0

[Event "XII. Karnevalsopen"]
[Site "Solingen"]
[Date "2023.02.19"]
[Round "5.18"]
[White "Shivkumar, Siddharth"]
[Black "Scheidtmann, Kian"]
[Result "0-1"]
[WhiteElo "1845"]
[BlackElo "1575"]
[PlyCount "48"]
[EventDate "2023.??.??"]
[EventType "swiss"]
[EventRounds "5"]
[EventCountry "GER"]

1. e4 c5 2. Nc3 d6 3. f4 g6 4. Nf3 Bg7 5. Bb5+ Bd7 6. Bxd7+ Qxd7 7. O-O Nc6 8. d3 f5 9. Qe1 Nf6 10. a3 O-O 11. Be3 Ng4 12. Rd1 Nxe3 13. Qxe3 Nd4 14. Qd2 b5 15. Rfe1 Rac8 16. e5 dxe5 17. Nxe5 Qb7 18. b4 cxb4 19. axb4 Nc6 20. Nxc6 Qxc6 21. Nb1 Qxc2 22. Qxc2 Rxc2 23. Rxe7 Rfc8 24. Na3 Ra2 0-1

[Event "XII. Karnevalsopen"]
[Site "Solingen"]
[Date "2023.02.19"]
[Round "5.19"]
[White "Kock, Sebastian"]
[Black "Hirsch, Dominik"]
[Result "1/2-1/2"]
[WhiteElo "1824"]
[BlackElo "1633"]
[PlyCount "46"]
[EventDate "2023.??.??"]
[EventType "swiss"]
[EventRounds "5"]
[EventCountry "GER"]

1. d4 d5 2. c4 c6 3. Nf3 Nf6 4. Nc3 e6 5. cxd5 exd5 6. Bg5 Be7 7. Qc2 Bg4 8. Ne5 Bh5 9. e3 Nbd7 10. Bd3 Nxe5 11. dxe5 Nd7 12. Bf4 Bg6 13. e6 Nf6 14. exf7+ Bxf7 15. Be5 h6 16. O-O O-O 17. Bf5 Bd6 18. Bg3 Bxg3 19. hxg3 Ne8 20. Rad1 Nd6 21. Bg4 Qf6 22. Be2 Bg6 23. Bd3 Bxd3 1/2-1/2

[Event "XII. Karnevalsopen"]
[Site "Solingen"]
[Date "2023.02.19"]
[Round "5.20"]
[White "Linke, Marius"]
[Black "Schmitz, Constantin"]
[Result "1-0"]
[WhiteElo "1796"]
[BlackElo "1534"]
[PlyCount "77"]
[EventDate "2023.??.??"]
[EventType "swiss"]
[EventRounds "5"]
[EventCountry "GER"]

1. d4 d5 2. c4 c6 3. Nf3 Nf6 4. Nc3 Bg4 5. Ne5 e6 6. Qb3 Qc8 7. g3 Bd6 8. Nxg4 Nxg4 9. Bg2 dxc4 10. Qxc4 O-O 11. O-O Nd7 12. a3 Nb6 13. Qd3 Nd5 14. Ne4 Qc7 15. h3 Ngf6 16. Nxd6 Qxd6 17. e4 Nxe4 18. Bxe4 Nf6 19. Bf4 Qd7 20. Bg2 c5 21. Rfd1 Rfd8 22. Rac1 Rac8 23. Qb3 cxd4 24. Rxc8 Qxc8 25. Qxb7 Qc4 26. Qc7 Qxc7 27. Bxc7 Rd7 28. Be5 Nd5 29. Bxd5 Rxd5 30. Rxd4 f6 31. Rxd5 exd5 32. Bd4 a6 33. Kf1 Kf7 34. Ke2 Ke6 35. Kd3 Kd6 36. Kc3 Kc6 37. Kb4 h5 38. Ka5 Kb7 39. g4 1-0

[Event "XII. Karnevalsopen"]
[Site "Solingen"]
[Date "2023.02.19"]
[Round "5.21"]
[White "Peschges, Paul"]
[Black "Pfennig, Konstantin"]
[Result "1-0"]
[WhiteElo "1773"]
[BlackElo "1486"]
[PlyCount "35"]
[EventDate "2023.??.??"]
[EventType "swiss"]
[EventRounds "5"]
[EventCountry "GER"]

1. e4 c6 2. d4 d5 3. Nc3 dxe4 4. Nxe4 Bf5 5. Ng3 Bg6 6. Nh3 h6 7. Nf4 Bh7 8. Bc4 Nf6 9. O-O e6 10. Re1 Nd5 11. Qh5 Nxf4 12. Bxf4 Be7 13. c3 Bg6 14. Qe2 O-O 15. Bxe6 Bf6 16. Bb3 Na6 17. Qg4 Qc8 18. Qxg6 1-0

[Event "XII. Karnevalsopen"]
[Site "Solingen"]
[Date "2023.02.19"]
[Round "5.22"]
[White "Bock, Juergen"]
[Black "Dunsche, Daniel"]
[Result "0-1"]
[WhiteElo "1611"]
[BlackElo "1906"]
[PlyCount "36"]
[EventDate "2023.??.??"]
[EventType "swiss"]
[EventRounds "5"]
[EventCountry "GER"]

1. d4 d5 2. Nf3 c6 3. e3 Nf6 4. Bd3 e6 5. Nbd2 Be7 6. b3 O-O 7. Bb2 Nbd7 8. O-O b6 9. Qe2 Bb7 10. c4 c5 11. Rac1 cxd4 12. Nxd4 Nc5 13. Bb1 Rc8 14. Rfd1 Qe8 15. Nb5 dxc4 16. Nxa7 Ra8 17. Nxc4 Rxa7 18. Nxb6 Qc6 0-1

[Event "XII. Karnevalsopen"]
[Site "Solingen"]
[Date "2023.02.19"]
[Round "5.23"]
[White "Kelch, Volker"]
[Black "Zimmermann, Finn"]
[Result "0-1"]
[WhiteElo "1655"]
[BlackElo "1354"]
[PlyCount "48"]
[EventDate "2023.??.??"]
[EventType "swiss"]
[EventRounds "5"]
[EventCountry "GER"]

1. e4 Nc6 2. Nf3 d6 3. d4 Nf6 4. Nc3 g6 5. Bc4 Bg7 6. h3 O-O 7. Bg5 h6 8. Be3 e5 9. d5 Na5 10. Bd3 c6 11. b4 cxd5 12. exd5 e4 13. Nxe4 Nxe4 14. Bxe4 Nc4 15. Bd4 Re8 16. Qd3 Bf5 17. O-O Rxe4 18. Qxc4 Rxd4 19. Nxd4 Rc8 20. Qe2 Bxd4 21. Rad1 Rxc2 22. Qb5 Qb6 23. Qe8+ Kg7 24. Qe1 Rxa2 0-1

[Event "XII. Karnevalsopen"]
[Site "Solingen"]
[Date "2023.02.19"]
[Round "5.24"]
[White "Schueller, Reinhard"]
[Black "Asadzade, Muhammed"]
[Result "0-1"]
[WhiteElo "1357"]
[BlackElo "1590"]
[PlyCount "88"]
[EventDate "2023.??.??"]
[EventType "swiss"]
[EventRounds "5"]
[EventCountry "GER"]

1. e4 c5 2. Nf3 g6 3. d4 cxd4 4. Nxd4 Bg7 5. Nc3 Nc6 6. Be3 Nf6 7. Qd2 O-O 8. O-O-O a6 9. Kb1 Qc7 10. Bh6 b5 11. Bxg7 Kxg7 12. Nxc6 dxc6 13. Bd3 Rb8 14. Ne2 c5 15. Ng3 Rd8 16. Qg5 h6 17. Qe3 a5 18. e5 Ng4 19. Qf4 Qxe5 20. Qxe5+ Nxe5 21. Be4 Be6 22. h3 Rd6 23. Rxd6 exd6 24. f4 Nc4 25. b3 Nb6 26. Bc6 b4 27. Rd1 Rd8 28. Ne4 c4 29. Rxd6 Rb8 30. Nc5 cxb3 31. axb3 Kf6 32. g4 Ke7 33. Ne4 f5 34. Rd4 fxe4 35. Rxe4 Kd6 36. f5 gxf5 37. gxf5 Bxf5 38. Rf4 Ke5 39. Rh4 Rh8 40. Kb2 Kf6 41. Bg2 Kg5 42. Rd4 Rc8 43. h4+ Kf6 44. Be4 Ke5 0-1